1764 1049 1212 1971 1313 1151 1601 1695 1017 1035 1549 1833 1484 1840 1126 1001 1048 1681 1277 1813 1635 1941 1643 1115 1004 1571 1405 1803 1023 1941 1405 1039 1993 1715 1372 1860 1492 1243 1435 1796 1509 1994 1770 1803 1439 1943 1685 1297 1704 1948 1540 1083 1607 1167 1685 1482 1330 1108 1272 1894 1654 1555 1820 1016 1865 1599 1771 1437 1008 1420 1568 1887 1378 2000 1906 1361 1729 1898 1769 1071 1878 1038 1352 1026 1079 1052 1350 1547 1936 1378 1438 1400 1656 1716 1211 1058 1457 1739 1572 BCNSPRNW ULIB Ver.6.0+V

เปลี่ยนเป็นภาษาไทย

Change to English
 แสดงรายละเอียดบรรณานุกรม
  กลับหน้าหลัก

Brief Record : Get Marc (ISO 2709) : E-mail record : QR code < ปิดหน้าต่าง
LEADER : 00000nam 2200000uu 4500
001    13399112312
003     ULIB
008    110804s2552||||th 000 0 tha d
020    9786167283098
040    bns
060 04 WL346^bป615ค 2552
100 0  ปิติกานต์ บูรณาภาพ
245 00 คู่มือดูแลผู้ป่วยอัมพฤกษ์ อัมพาตและผู้ป่วยที่ต้องการความช่วยเหลือเบื้องต้น =^bThe handbook take care of the crippled patients and the patients who need the first aid /^cปิติกานต์ บูรณาภาพ, บรรณาธิการเรียบเรียง
246 31 The handbook take care of the crippled patients and the patients who need the first aid
250    พิมพ์ครั้งที่ 1
260    กรุงเทพฯ :^bสำนักพิมพ์วิทยสถาน,^c2552
300    240 หน้า :^bภาพประกอบ ;^c22 ซม.
650  7 ผู้ป่วย, การจัดการดูแล
650  7 ผู้ป่วย, การวางแผนดูแล
650  7 อัมพาต^xกายภาพบำบัด
650  7 อัมพาต^xการฟื้นฟูสมรรถภาพ
945    ^p200^l0^i030410
945    ^p200^l0^i030411
945    ^p200^l0^i030412
995    ทศพร
999 ^a ทศพร
รายการนี้ยังไม่มีแท็ก
คุณยังไม่ได้ล็อกอิน คุณสามารถมีกิจกรรมร่วมกับเว็บไซต์ได้ แต่ต้องล็อกอินก่อน ::
  ล็อกอิน

รายการสื่อสารสนเทศ

ลำดับที่ ประเภท เลขเรียก/บาร์โค้ด สถานที่ สถานะ
- ไม่พบข้อมูล -

รายการใกล้เคียง
    ผู้แต่ง [ปิติกานต์ บูรณาภาพ]

    หัวเรื่อง [ผู้ป่วย, การจัดการดูแล]
    หัวเรื่อง [ผู้ป่วย, การวางแผนดูแล]

BibComment


ยังไม่เคยถูกคอมเมนท์

คอมเมนท์ทรัพยากรรายการนี้
  คอมเมนท์: คู่มือดูแลผู้ป่วย..


 Copyright 2026. Bcnsprnw @Library